000 01034nam a22002297a 4500
005 20120309123426.0
010 _aB-456393
020 _a9780521700535
_c395.00
020 _a0521700531
_c395.00
035 _aB-456393
037 _bAllied
082 _a488.24076
100 _aBlack, Michael
_944487
245 _aObjective IELTS :
_cby Michael Black and Wendy Sharp
_bintermediate work book with answers /
260 _aNew Delhi
_bCambridge University Press
_c2006
270 _aCambridge House,4381/4,Ansari Road,Daryaganj,
_bNew Delhi
_e110002
300 _a80p
_c28cm(pbk)
_bill
_e+CD-ROM
700 _aSharp,Wendy
_943703
942 _2ddc
_cEN
_mBLA
_h488.24076
999 _c63967
_d63967